Biplano. (Registro nro. 2276)

Detalles MARC
000 -LEADER
fixed length control field 01278nam a2200193 a 4500
008 - CAMPO DE CONTROL (LIBRO)
fixed length control field 161215e1986 spa||||| ||| 00| 0 spa d
020 ## - INTERNATIONAL STANDARD BOOK NUMBER
ISBN 9501517624
092 ## - SIGNATURA TOPOGRAFICA DEWEY LOCAL
número de clasificación 808.5
libristica 6
sección BAC
100 1# - ENTRADA PRINCIPAL--NOMBRE PERSONAL
Nombre personal Bach, Richard
9 (RLIN) 3088
245 ## - TITULO PROPIAMENTE DICHO
Título Biplano.
Subtítulo y Título paralelo Un vuelo de la imaginacion /
Mención de responsabilidad y remanente de la transcripción de la portada Richard Bach
250 ## - MENCION DE EDICION
Mención de edición 1a ed.
Mención de responsabilidad relacionada con la ed. Traducción Andrés Vergara
260 ## - PIE DE IMPRENTA
Lugar de publicación, distribución, etc Buenos Aires:
Nombre de la editorial, distribuidor, etc Vergara;
Fecha de publicación 1986.
300 ## - DESCRIPCION FISICA
Extension 192 p.
500 ## - NOTA GENERAL
Nota general Bach, R. (1986). Biplano. Un vuelo a la imaginación. (1a ed.). Buenos Aires : Vergara editor.
505 ## - NOTA DE CONTENIDO
Nota de contenido formateada Richard Bach jamás podría escribir un libro sobre vuelos, aunque lo intentara. Si por vuelos se entiende un manual de planos técnicos y ejercicios, de cómo despegar y aterrizar, es obvio ya desde las primeras páginas de este libro, que no es eso lo que el lector obtendrá de la pluma de Bach. si, por el contrario, lo que el lector pretende es airear sus conocimientos, elevarse con Icaro, exponerse plenamente al aire y hacerlo con una inmensa alegría, entonces, sin duda, habrá que ponerse en manos de Richard Bach. Es hombre no "vuela", del mismo modo que su tatarabuelo Johann Sebastian Bach, tampoco "escribia música": la exhalaba.
590 ## - NOTAS LOCALES (RLIN)
Nota local Donacion Evelyn Minich. Proyecto 4to libro
655 ## - MATERIA - GENERO/FORMA
Género/Forma Cuento
-- 3089
942 ## - ADDED ENTRY ELEMENTS (KOHA)
Source of classification or shelving scheme Dewey Decimal Classification
Item type LITERATURA
Existencias
Estado de retiro Existencia Fuente de clasificación Estado general No para prestamo Colección Ubicación permanente ubicación actual Sala de ubicación Fecha de adquisición Fuente de adquisición Total Checkouts Número de clasificación Código de barras Date last seen Date last borrowed Número de ejemplar Price effective from Koha tipo de elemento (item) Public note
    Dewey Decimal Classification     Fiction Biblioteca Medicina Biblioteca Medicina Circulación 15/12/2016 Donación Evelyn Minich, 2016 2 808.5 6 BAC 3733 16/11/2017 16/11/2017 Ej. 1 15/12/2016 LITERATURA Proyecto 4to libro. Donación Minich, Evelyn

UNIVERSIDAD NACIONAL DEL COMAHUE
Biblioteca de la Facultad de Ciencias Médicas
Sede Toschi: Los Arrayanes y Av. Toschi, Cipolletti  - Rio Negro
Sede Los Tordos:  Yrigoyen al 2211, Cipolletti - Rio Negro 

Teléfono: 0299 - 4774707 int 25
Contacto: biblioteca@facimed.uncoma.edu.ar
© 2011 - 2026